Statystyki dla Zgadnij ile restauracji McDonald's jest w różnych krajach!

Kliknij tutaj aby rozwiązać quiz!

Ogólne statystyki

  • Ten quiz został rozwiązany 262 razy
  • Średni wynik to 11 z 15

Statystyki odpowiedzi

IlośćKraje% Poprawnych
496Polska
97%
13 375USA
95%
1 536Niemcy
92%
1 500Francja
89%
1 421Wielka Brytania
88%
3 500Chiny
87%
550Hiszpania
85%
1 458Kanada
83%
2 900Japonia
76%
640Włochy
76%
1 031Brazylia
70%
981Australia
59%
447Korea Południowa
39%
655Filipiny
19%
413Tajwan
10%

Rozkład punktacji

Percentyl według liczby udzielonych odpowiedzi

Procent ludzi z każdym wynikiem

Twoja historia wyników

Nie rozwiązałeś tego quizu